=LDR 00000nam 2200000 4500 =001 INLIS000000000059825 =005 20211207100101 =035 ##$$a 0010-1221000052 =007 ta =008 211207###########################0#ind## =020 ##$$a 978-979-97519-5-9 =082 ##$$a 519.54 =084 ##$$a 519.54 War s =245 1#$$a Statistik Inferensi : $b Ekonomi dan Bisnis /$c Wargono Adisoewignyo =250 ##$$a Ed 3 =300 ##$$a 618 halaman : $b ilustrasi ; $c 21 cm =650 #4$$a probabilitas Statistik =264 ##$$a Mataram - NTB :$b Mataram University Press,$c 2010 =336 ##$$a teks$2 rdacontent =337 ##$$a lain-lain$2 rdamedia =338 ##$$a lain-lain$2 rdacarrier =990 ##$$a 34213421